| 000 | 00459nam a2200181Ia 4500 | ||
|---|---|---|---|
| 008 | 230524s9999 xx 000 0 und d | ||
| 020 | _a9780195692327 | ||
| 082 |
_a6.35 _bSID |
||
| 100 | _aTanveer Siddiqui | ||
| 245 | 0 | _aNatural Language Processing and Information Retrieval | |
| 250 | _a1 | ||
| 260 |
_aNew Delhi _bOxford _c2018 |
||
| 300 | _a"ix,406p;" | ||
| 500 | _aQuantity Number: 35 | ||
| 650 | _aComp.Sc | ||
| 700 | _aU.S.Tiwary | ||
| 942 | _cBK | ||
| 999 |
_c60166 _d60166 |
||